[Event "Maastricht Limburg op Veterans 5th"]
[Site "Maastricht"]
[Date "2011.06.13"]
[Round "5"]
[White "Rikers, Jo"]
[Black "De Wit, Gerrit"]
[Result "0-1"]
[WhiteElo "1474"]
[BlackElo "1746"]
[PlyCount "72"]
[EventDate "2011.06.10"]
[EventType "swiss"]
[EventRounds "5"]
[EventCountry "NED"]
[SourceTitle "EXT 2012"]
[Source "ChessBase"]
[SourceDate "2011.11.24"]
[SourceVersion "1"]
[SourceVersionDate "2011.11.24"]
[SourceQuality "1"]

1. d4 Nf6 2. Bf4 e6 3. e3 d5 4. c3 b6 5. Bd3 Bb7 6. Nf3 Be7 7. Qc2 Nbd7 8. Nbd2 Rc8 9. Ne5 c5 10. 0-0 0-0 11. Ndf3 c4 12. Be2 b5 13. a3 Nb6 14. Ng5 Ne4 15. Nxe4 dxe4 16. h3 Bd5 17. f3 exf3 18. Bxf3 Bxf3 19. Rxf3 Nd5 20. Raf1 a5 21. e4 Nb6 22. Be3 f6 23. Ng4 b4 24. axb4 axb4 25. Ra1 b3 26. Qe2 Ra8 27. Rff1 Ra2 28. Rxa2 bxa2 29. Ra1 Qa8 30. Qc2 Qa6 31. Nf2 Ra8 32. Nd1 Qb5 33. Bf4 e5 34. dxe5 fxe5 35. Be3 Nd7 36. Bc1 Nc5 0-1

[Event "Maastricht Limburg op Veterans 5th"]
[Site "Maastricht"]
[Date "2011.06.12"]
[Round "3"]
[White "Rikers, Jo"]
[Black "Kerssemakers, Frans"]
[Result "1/2-1/2"]
[WhiteElo "1474"]
[BlackElo "1499"]
[PlyCount "55"]
[EventDate "2011.06.10"]
[EventType "swiss"]
[EventRounds "5"]
[EventCountry "NED"]
[SourceTitle "EXT 2012"]
[Source "ChessBase"]
[SourceDate "2011.11.24"]
[SourceVersion "1"]
[SourceVersionDate "2011.11.24"]
[SourceQuality "1"]

1. d4 d5 2. Bf4 Nf6 3. e3 Bf5 4. Bd3 Bxd3 5. Qxd3 e6 6. c3 a6 7. Nf3 c5 8. Nbd2 c4 9. Qc2 Nc6 10. Ne5 Nxe5 11. Bxe5 Be7 12. Nf3 h6 13. 0-0 0-0 14. Nd2 b5 15. a3 Qb6 16. e4 Qb7 17. Bxf6 Bxf6 18. e5 Be7 19. f4 f5 20. g3 a5 21. Nf3 g6 22. Qg2 Kh7 23. Kh1 Rf7 24. Rg1 Rg7 25. Qh3 g5 26. fxg5 Bxg5 27. Nxg5+ Rxg5 28. Qh4 1/2-1/2